00634nam a22001817a 450000500170000001000140001702000270003102000240005803500130008203700130009508200190010810000170012724501180014426000450026227000580030730000510036550000360041620100727104153.0 aENG-96900 a9780195698886c1950.00 a0195698886c1950.00 aEN-80433 bDBAD/PUB a355.0209540903 aRoy, Kaushik aThe oxford companion to modern warfare in India :bfrom the eighteenth century to present times /cby Kaushik Roy aNew DelhibOxford University Pressc2009 aYMCA Library Building, Jai Singh, bNew Delhie110001 axvi, 326p.:bill.c28cm, (Hb)eb/w photographs aincludes bibliography and index